Proceso evolutivo del aprovechamiento de la riqueza hidráulica de España (Record no. 32883)

MARC details
000 -LEADER
campo de control de longitud fija 01025nam a2200241 i 4500
001 - NÚMERO DE CONTROL
campo de control 32883
003 - IDENTIFICADOR DE NÚMERO DE CONTROL
campo de control ES-MaACL
005 - FECHA Y HORA DE LA ÚLTIMA TRANSACCIÓN
campo de control 20250822151110.0
007 - CAMPO FIJO DE DESCRIPCIÓN FÍSICA--INFORMACIÓN GENERAL
campo de control de longitud fija t|
008 - DATOS DE LONGITUD FIJA--INFORMACIÓN GENERAL
campo de control de longitud fija 030131s1951 sp |||| | spa d
080 ## - NÚMERO DE LA CLASIFICACIÓN DECIMAL UNIVERSAL
Número de la Clasificación Decimal Universal 330.15:556(042)
080 ## - NÚMERO DE LA CLASIFICACIÓN DECIMAL UNIVERSAL
Número de la Clasificación Decimal Universal 556:330.15(042)
100 1# - ENTRADA PRINCIPAL--NOMBRE DE PERSONA
Nombre de persona Benjumea Burin, Rafael
Títulos y otros términos asociados al nombre Conde de Guadalhorce.
9 (RLIN) 27710
245 10 - MENCIÓN DEL TÍTULO
Título Proceso evolutivo del aprovechamiento de la riqueza hidráulica de España
Resto del título : discurso leído en el acto de su recepción el día 20 /
Mención de responsabilidad, etc. por Rafael Benjumea Burin y contestación de Eduardo Aunós Pérez.
260 ## - PUBLICACIÓN, DISTRIBUCIÓN, ETC.
Lugar de publicación, distribución, etc. Madrid :
Nombre del editor, distribuidor, etc. Real Academia de Ciencias Morales y Políticas,
Fecha de publicación, distribución, etc. 1951.
300 ## - DESCRIPCIÓN FÍSICA
Extensión 46 p. ;
Dimensiones 32 cm.
594 ## - Nota al título y mención de responsabilidad
Nota al título y mención de responsabilidad Precede al tít.: Real Academia de Ciencias Morales y Políticas.
650 #4 - PUNTO DE ACCESO ADICIONAL DE MATERIA--TÉRMINO DE MATERIA
Término de materia o nombre geográfico como elemento de entrada Recursos hidráulicos-
Subdivisión geográfica España.
9 (RLIN) 161400
700 1# - ENTRADA AGREGADA--NOMBRE PERSONAL
Nombre de persona Aunós Pérez, Eduardo,
Fechas asociadas al nombre 1894-1967
9 (RLIN) 23920
710 2# - ENTRADA AGREGADA--NOMBRE DE ENTIDAD CORPORATIVA
Nombre de entidad corporativa o nombre de jurisdicción como elemento de entrada Real Academia de Ciencias Morales y Políticas (España)
9 (RLIN) 222050
852 ## - LOCALIZACIÓN
Ubicación ES-MaACL
Número de control de estantería 2289-F-17
Encuadernación Olim F-M-III-D
Holdings
Estatus retirado Estado de pérdida Estado de daño No para préstamo Colección Biblioteca de origen Biblioteca actual Ubicación en estantería Fecha de adquisición Fuente de adquisición Total de préstamos Signatura topográfica completa Código de barras Visto por última vez Precio de reemplazo Tipo de ítem Koha
        Colección de folletos Biblioteca del Ateneo de Madrid Biblioteca del Ateneo de Madrid Depósito folletos 17/01/2008     2289-F-17 1034141 23/02/2023 23/02/2023 Folleto